Malaysia : perspektif sejarah dan politik

Bibliographic Details
Main Author: Kassim Thukiman
Format: Book
Published: Skudai, Johor : Universiti Teknologi Malaysia , 2002
Subjects:

MARC

LEADER 00000cam a2200000 7i4500
001 0000018601
005 20070131.0
020
040 |a INS 
090 0 0 |a DS559   |b K37 2002 
100 1 |a Kassim Thukiman 
245 1 0 |a Malaysia :   |b perspektif sejarah dan politik   |c Kassim Thukiman 
260 |a Skudai, Johor :   |b Universiti Teknologi Malaysia ,   |c 2002 
300 |a x, 229 p. ;   |c 24 cm. 
500 |a Bibliografi:ms. 193-222 
500 |a Mengandungi indeks 
651 0 |a Malaysia   |x History 
651 0 |a Malaysia   |x Politics and government 
999 |a 0000018251   |b BOOK   |c Open Shelf   |e Default branch